| 000 | 00610nam a2200241 a 4500 | ||
|---|---|---|---|
| 001 | nice12345678 | ||
| 003 | IN_TiNIC | ||
| 005 | 20260116015332.0 | ||
| 008 | 110425s2010 newa grp 000 0 eng | ||
| 020 |
_a1932099743 _c100 |
||
| 082 | 0 | 0 |
_a303.62597 _bCAP1 |
| 100 | _aCapan, Ergun | ||
| 245 |
_aIslamic Perspective _b Terror and Suicide Attacks |
||
| 260 |
_aNew Jersey, USA _bLight _c2010 |
||
| 300 | _a155p | ||
| 500 | _aincludes index and biblioraphy | ||
| 505 | 2 | _aindex | |
| 650 | _aTerrorism and Islam | ||
| 700 | 1 | _aCapan, Ergun | |
| 902 | _bSRS | ||
| 942 | _cBK | ||
| 999 |
_c19280 _d19280 |
||